Регионална библиотека "Любен Каравелов" - Русе

Социална и културна география (Запис номер 53925)

MARC детайли
000 -Лидер
Контролно поле с фиксирана дължина 01598nam a2200349 c 4500
003 - Код на организацията, давaща контролен номер
Контролно поле BLK
005 - Дата и час на последна редакция
Контролно поле 20250508165001.0
008 - Елементи от данни с фиксирана дължина
fixed length control field 180408b bul|||||r ||||||| ||bul||
010 ## - Наследен системен номер
LC control number KNG00057867000
020 ## - Международен стандартен номер на книга ISBN
Международен стандартен номер на книга ISBN 954-524-420-8
-- издат.: Унив. изд. Св. св. Кирил и Методий
040 ## - Източник на каталожния запис
Идентификатор на билиотеката - собственик на записа BLK
041 ## - Код за език
Код за езика на текст/звукозапис или на отделно заглавие Български
Код за езика КДБФ Български
080 ## - УДК
Текстов определител УДК Социална география
УДК код - определител по УДК 911.3:316
УДК определител (08)
УДК - код + определител 911.3:316(08)
139 ## - Редно поле
Редна дума Социална и културна география
Авторски знак Соц - С 54
245 10 - Сведения за заглавието
Заглавие Социална и културна география
Подзаглавни данни Сб. науч. статии
Редно поле (дума) под общ. ред. на Петър Стоянов.
257 ## - Страна на издаване
Страна на създаване/издаване България
260 ## - Област на издателските данни
-- В. Търново
Име на издателя, разпространителя и проч. Унив. изд. Св. св. Кирил и Методий
Година на издаване 2004
300 ## - Физическа характеристика
Страници 280 с.
Илюстрации и др. с к., сх.
Размери/Мащаб 20 см
380 ## - Жанр
Жанр География
500 ## - Общи забележки
Забележка Други ред. : М. Бъчваров, А. Дерменджиев. - Изд. на СУ Св. Кл. Охридски, Великотърновски унив. Св. св. Кирил и Методий. - Библиогр. след отд. статии.
504 ## - Забележка за наличие на библиография и др
Забележка за наличие на библиография и под. след отд. стати
650 #4 - Допълнително описание по предмет – тема
Основно описание – тема или топоним Социална география
9 (RLIN) 285285
653 ## - Ключова дума – ненормативна
Ключова дума социална география
653 ## - Ключова дума – ненормативна
Ключова дума културна география
700 1# - Други автори (авторска отговорност)
Лично име Стоянов, Петър
Автороска отговорност (Описва отношението между автора и произведението) под общ. ред. на
9 (RLIN) 368939
852 ## - Местоположение
Форматна сигнатура Цб 226254
856 4# - Електронен адрес и достъп
Електронен формат pdf - файл
Път до файла /url/
856 4# - Електронен адрес и достъп
Електронен формат pdf - файл
Път до файла /url/
942 ## - АРТИКУЛИ
Вид на библиотечния материал Книги
Скрит в OPAC Не
Koha issues (borrowed), all copies 2
944 ## - СЪЗДАВАНЕ И РЕДАКЦИЯ на ЗАПИСА
Създаване/Редакция Създаване
Дата на регистрацията/редакция 25.01.2006
Служител, извършил регистрацията/редакцията 30542
Статус, дата на статуса Русанова Ирена
944 ## - СЪЗДАВАНЕ И РЕДАКЦИЯ на ЗАПИСА
Създаване/Редакция Редакция
Дата на регистрацията/редакция 12.10.2007
Служител, извършил регистрацията/редакцията
999 ## - СИСТЕМНИ КОНТРОЛНИ НОМЕРА
Koha biblionumber 53925
Koha biblioitemnumber 53925
Наличности
Код за отписване Код за изгубен артикул Код за повреда Коз за рестрикции Код за отдаване Артикулен № Име на библиотеката - собственик Име на библиотеката, в която се намира в момента Статус (Текущо местоположение) Дата на вписване в системата Местоположение - отдел Цена в лева Инвентарен номер Систематично азбучна сигнатура Баркод Номер на екземпляра Цена в евро Служебна бележка Служебен тип на артикула Източник на класификационната схема
  Не е изгубен Не е повреден без рестрикции ползва се в читалня 84909 Регионална библиотека "Любен Каравелов" Русе Регионална библиотека "Любен Каравелов" Русе Хранилище 2006-01-25 Хранилище 0.00 120000699626 Цб 226254 120000699626 1 0.00 Дост: Dp Вид: Д N: 3 Дата: 05.01.2005 Книги  
  Не е изгубен Не е повреден без рестрикции ползва се в читалня 84910 Регионална библиотека "Любен Каравелов" Русе Регионална библиотека "Любен Каравелов" Русе Читалня 2006-12-18 Читалня 7.00 120000707558 Ч 91/С 54 120000707558 2 3.58 Дост: Pk Вид: Ф N: 47179 Дата: 15.12.2006 Дата инв: 28.03.2017 Бележки инв: Ч2017 Книги  
  Не е изгубен Не е повреден без рестрикции заемане за дома 84911 Регионална библиотека "Любен Каравелов" Русе Регионална библиотека "Любен Каравелов" Русе Дубликат 2007-10-11 Заемна - подръчен фонд 7.00 120000718037 П 911/С 54 120000718037 3 3.58 Дост: Pk Вид: Ф N: 9218 Дата: 01.10.2007 Дата инв: 07.02.2018 Бележки инв: П2018 Книги Universal Decimal Classification
  Не е изгубен Не е повреден без рестрикции заемане за дома 84912 Регионална библиотека "Любен Каравелов" Русе Регионална библиотека "Любен Каравелов" Русе Заемна - подръчен фонд 2007-10-11 Заемна - подръчен фонд 7.00 120000718038 П 911/С 54 120000718038 4 3.58 Дост: Pk Вид: Ф N: 9218 Дата: 01.10.2007 Дата инв: 07.02.2018 Бележки инв: П2018 Книги  
  Не е изгубен Не е повреден без рестрикции заемане за дома 84913 Регионална библиотека "Любен Каравелов" Русе Регионална библиотека "Любен Каравелов" Русе Заемна - подръчен фонд 2007-10-11 Заемна - подръчен фонд 7.00 120000718039 П 911/С 54 120000718039 5 3.58 Дост: Pk Вид: Ф N: 9218 Дата: 01.10.2007 Дата инв: 07.02.2018 Бележки инв: П2018 Книги  
Vip Innovations Ltd, Rousse, Bulgaria 2025